Marvel Superheroes - Sudden Death - Statistics

General Stats
  • This quiz has been taken 117 times
  • The average score is 13 of 19
Answers on the Grid
Answers color-coded by a green-red scale on the quiz's grid according to % correct below.
Hawkeye
Beast
Blackwoman
War Machine
Blade
Peter Griffin
Spiderman
Antman
Beast Boy
Havoc
Deathstroke
Nightwing
Hawkgirl
Sersi
Deadpool
Professor Z
Jubilee
Iron Man
Thor
Superman
Cyclops
Cyborg
Wonder Woman
Wonder Man
Captain America
Batman
Magneto
Clayface
Bishop
Vision
 
Answer Stats
Answer % Correct
Hawkeye
97%
Spiderman
91%
Antman
89%
War Machine
85%
Blade
79%
Deadpool
77%
Iron Man
77%
Thor
77%
Beast
76%
Captain America
67%
Cyclops
65%
Vision
65%
Magneto
61%
Havoc
52%
Jubilee
51%
Bishop
49%
Wonder Man
47%
Sersi
44%
Deathstroke
11%
No matching quizzes found
Score Distribution
Percent of People with Each Score
Percentile by Number Answered
Your Score History
You have not taken this quiz